[Event "XLIV Memoriał Szachowy Ludwika Zamenhofa 2025, Grupa B"]
[Site "Bialystok, Poland"]
[Date "2025.12.31"]
[Round "9.25"]
[White "Pojawa, Jakub"]
[Black "Czachurski, Ignacy"]
[Result "1-0"]
[TimeControl "90'+30\""]
[WhiteElo "1858"]
[BlackElo "1890"]

1. d4 {[%clk 01:25:23]} {[%emt 00:05:37]} Nf6 {[%clk 01:30:43]} {[%emt
00:00:16]} 2. c4 {[%clk 01:25:52]} {[%emt 00:00:02]} e6 {[%clk 01:30:59]}
{[%emt 00:00:13]} 3. Nc3 {[%clk 01:26:20]} {[%emt 00:00:03]} Bb4 {[%clk
01:31:19]} {[%emt 00:00:10]} 4. e3 {[%clk 01:26:44]} {[%emt 00:00:06]} O-O
{[%clk 01:31:36]} {[%emt 00:00:12]} 5. Nge2 {[%clk 01:27:09]} {[%emt 00:00:05]}
b6 {[%clk 01:29:57]} {[%emt 00:02:08]} 6. a3 {[%clk 01:26:25]} {[%emt
00:01:15]} Bxc3+ {[%clk 01:27:15]} {[%emt 00:03:11]} 7. Nxc3 {[%clk 01:26:40]}
{[%emt 00:00:15]} Bb7 {[%clk 01:25:30]} {[%emt 00:02:14]} 8. f3 {[%clk
01:26:59]} {[%emt 00:00:12]} d5 {[%clk 01:23:27]} {[%emt 00:02:33]} 9. Bd3
{[%clk 01:27:14]} {[%emt 00:00:15]} Nbd7 {[%clk 01:18:27]} {[%emt 00:05:29]} 10.
O-O {[%clk 01:27:28]} {[%emt 00:00:17]} c5 {[%clk 01:15:15]} {[%emt 00:03:42]}
11. cxd5 {[%clk 01:22:58]} {[%emt 00:05:00]} Nxd5 {[%clk 01:11:23]} {[%emt
00:04:21]} 12. e4 {[%clk 01:22:47]} {[%emt 00:00:42]} Nxc3 {[%clk 01:03:22]}
{[%emt 00:08:31]} 13. bxc3 {[%clk 01:23:10]} {[%emt 00:00:07]} cxd4 {[%clk
01:01:10]} {[%emt 00:02:42]} 14. cxd4 {[%clk 01:23:36]} {[%emt 00:00:04]} e5
{[%clk 01:01:28]} {[%emt 00:00:13]} 15. d5 {[%clk 01:22:42]} {[%emt 00:01:23]}
Nc5 {[%clk 01:01:38]} {[%emt 00:00:20]} 16. Bb2 {[%clk 01:22:57]} {[%emt
00:00:15]} Qd6 {[%clk 00:57:43]} {[%emt 00:04:24]} 17. a4 {[%clk 01:17:50]}
{[%emt 00:05:38]} Rfc8 {[%clk 00:54:21]} {[%emt 00:03:53]} 18. Rf2 {[%clk
01:17:04]} {[%emt 00:01:16]} Rc7 {[%clk 00:51:54]} {[%emt 00:02:57]} 19. Ba3
{[%clk 01:17:05]} {[%emt 00:00:30]} Rac8 {[%clk 00:51:38]} {[%emt 00:00:45]} 20.
Rc2 {[%clk 01:16:46]} {[%emt 00:00:49]} Qh6 {[%clk 00:49:44]} {[%emt 00:02:22]}
21. Bc1 {[%clk 01:14:20]} {[%emt 00:02:59]} Qh4 {[%clk 00:45:33]} {[%emt
00:04:38]} 22. Bb5 {[%clk 01:14:09]} {[%emt 00:00:43]} a6 {[%clk 00:32:26]}
{[%emt 00:13:37]} 23. d6 {[%clk 01:10:04]} {[%emt 00:04:35]} Rd8 {[%clk
00:30:31]} {[%emt 00:02:24]} 24. Rd2 {[%clk 01:10:18]} {[%emt 00:00:17]} Rcc8
{[%clk 00:30:39]} {[%emt 00:00:21]} 25. Bf1 {[%clk 01:08:53]} {[%emt 00:01:56]}
Qf6 {[%clk 00:29:03]} {[%emt 00:02:04]} 26. Rb1 {[%clk 01:08:42]} {[%emt
00:00:43]} Rc6 {[%clk 00:28:05]} {[%emt 00:01:28]} 27. Ba3 {[%clk 01:08:55]}
{[%emt 00:00:17]} Rcxd6 {[%clk 00:23:24]} {[%emt 00:05:11]} 28. Rxd6 {[%clk
01:09:02]} {[%emt 00:00:23]} Rxd6 {[%clk 00:23:43]} {[%emt 00:00:11]} 29. Qc2
{[%clk 01:08:16]} {[%emt 00:01:16]} Rc6 {[%clk 00:20:50]} {[%emt 00:03:23]} 30.
Bc4 {[%clk 01:08:16]} {[%emt 00:00:31]} Rc8 {[%clk 00:17:41]} {[%emt 00:03:39]}
31. a5 {[%clk 01:07:49]} {[%emt 00:00:58]} Qd8 {[%clk 00:13:58]} {[%emt
00:04:13]} 32. Rxb6 {[%clk 01:02:24]} {[%emt 00:05:55]} Qd4+ {[%clk 00:13:42]}
{[%emt 00:00:44]} 33. Kf1 {[%clk 01:02:04]} {[%emt 00:00:50]} Qa1+ {[%clk
00:02:52]} {[%emt 00:11:20]} 34. Qc1 {[%clk 01:01:56]} {[%emt 00:00:38]} Qxc1+
{[%clk 00:02:51]} {[%emt 00:00:32]} 35. Bxc1 {[%clk 01:02:25]} h6 {[%clk
00:01:53]} {[%emt 00:01:28]} 36. Be3 {[%clk 01:02:51]} {[%emt 00:00:05]} Na4
{[%clk 00:01:24]} {[%emt 00:00:59]} 37. Bxf7+ {[%clk 01:03:08]} {[%emt
00:00:13]} Kxf7 {[%clk 00:01:49]} {[%emt 00:00:05]} 38. Rxb7+ {[%clk 01:03:35]}
{[%emt 00:00:02]} Kf6 {[%clk 00:02:03]} {[%emt 00:00:14]} 39. Ra7 {[%clk
01:03:34]} {[%emt 00:00:32]} Rc6 {[%clk 00:02:26]} {[%emt 00:00:08]} 40. Bb6
{[%clk 01:03:47]} {[%emt 00:00:18]} Nxb6 {[%clk 00:02:19]} {[%emt 00:00:37]} 41.
Rxa6 {[%clk 01:04:08]} {[%emt 00:00:08]} Rc1+ {[%clk 00:02:16]} {[%emt
00:00:32]} 42. Kf2 {[%clk 01:04:34]} {[%emt 00:00:03]} Kg5 {[%clk 00:02:24]}
{[%emt 00:00:24]} 43. Rxb6 {[%clk 01:04:00]} {[%emt 00:01:05]} Ra1 {[%clk
00:02:34]} {[%emt 00:00:20]} 44. Rb5 {[%clk 01:04:07]} {[%emt 00:00:23]} Kf6
{[%clk 00:02:53]} {[%emt 00:00:10]} 45. Kg3 {[%clk 01:04:34]} {[%emt 00:00:03]}
Ra2 {[%clk 00:03:14]} {[%emt 00:00:09]} 46. Rb6+ {[%clk 01:05:02]} {[%emt
00:00:03]} Kf7 {[%clk 00:03:19]} {[%emt 00:00:24]} 47. a6 {[%clk 01:05:29]}
{[%emt 00:00:04]} Ke7 {[%clk 00:03:19]} {[%emt 00:00:28]} 48. Rb7+ {[%clk
01:05:57]} {[%emt 00:00:05]} Kf6 {[%clk 00:03:41]} {[%emt 00:00:07]} 49. a7
{[%clk 01:06:24]} {[%emt 00:00:03]} Ra6 {[%clk 00:03:41]} {[%emt 00:00:28]} 50.
Rb6+ {[%clk 01:06:50]} {[%emt 00:00:06]} Rxb6 {[%clk 00:04:01]} {[%emt
00:00:09]} 51. a8=Q {[%clk 01:07:17]} {[%emt 00:00:03]} Rb2 {[%clk 00:04:22]}
{[%emt 00:00:10]} 52. Qf8+ {[%clk 01:07:40]} {[%emt 00:00:06]} Kg6 {[%clk
00:04:45]} {[%emt 00:00:08]} 53. Qf5# {[%clk 01:08:08]} {[%emt 00:00:02]} 1-0

[Event "XLIV Memoriał Szachowy Ludwika Zamenhofa 2025, Grupa B"]
[Site "Bialystok, Poland"]
[Date "2025.12.31"]
[Round "9.26"]
[White "Nowak, Roksana"]
[Black "Surkont, Jan"]
[Result "1/2-1/2"]
[TimeControl "90'+30\""]
[WhiteElo "1900"]
[BlackElo "1787"]

1. e4 {[%clk 01:30:54]} {[%emt 00:00:04]} c6 {[%clk 01:30:58]} {[%emt
00:00:03]} 2. d4 {[%clk 01:31:19]} {[%emt 00:00:05]} d5 {[%clk 01:31:26]}
{[%emt 00:00:02]} 3. exd5 {[%clk 01:31:44]} {[%emt 00:00:05]} cxd5 {[%clk
01:31:54]} {[%emt 00:00:03]} 4. c4 {[%clk 01:32:07]} {[%emt 00:00:06]} Nf6
{[%clk 01:32:22]} {[%emt 00:00:02]} 5. Nc3 {[%clk 01:32:31]} {[%emt 00:00:06]}
Nc6 {[%clk 01:32:45]} {[%emt 00:00:07]} 6. Nf3 {[%clk 01:30:41]} {[%emt
00:02:19]} Bg4 {[%clk 01:32:58]} {[%emt 00:00:17]} 7. Be3 {[%clk 01:23:45]}
{[%emt 00:07:26]} e6 {[%clk 01:33:17]} {[%emt 00:00:12]} 8. c5 {[%clk
01:22:54]} {[%emt 00:01:20]} Be7 {[%clk 01:33:38]} {[%emt 00:00:08]} 9. Bb5
{[%clk 01:23:02]} {[%emt 00:00:22]} Rc8 {[%clk 01:34:05]} {[%emt 00:00:04]} 10.
Bf4 {[%clk 01:20:35]} {[%emt 00:02:57]} Ne4 {[%clk 01:27:27]} {[%emt 00:07:08]}
11. Rc1 {[%clk 01:10:53]} {[%emt 00:10:11]} O-O {[%clk 01:19:29]} {[%emt
00:08:28]} 12. Bxc6 {[%clk 01:10:05]} {[%emt 00:01:18]} bxc6 {[%clk 01:14:24]}
{[%emt 00:05:35]} 13. h3 {[%clk 01:03:51]} {[%emt 00:06:44]} Bh5 {[%clk
01:11:20]} {[%emt 00:03:35]} 14. Qd3 {[%clk 01:02:52]} {[%emt 00:01:29]} Qa5
{[%clk 01:06:27]} {[%emt 00:05:22]} 15. a3 {[%clk 01:02:07]} {[%emt 00:01:15]}
Bxf3 {[%clk 00:52:39]} {[%emt 00:14:18]} 16. Qxf3 {[%clk 01:00:40]} {[%emt
00:01:57]} Nxc3 {[%clk 00:46:38]} {[%emt 00:06:32]} 17. Rxc3 {[%clk 00:54:52]}
{[%emt 00:06:17]} Bf6 {[%clk 00:43:07]} {[%emt 00:04:01]} 18. Qd3 {[%clk
00:43:48]} {[%emt 00:11:34]} Qa4 {[%clk 00:36:40]} {[%emt 00:06:57]} 19. b4
{[%clk 00:26:34]} {[%emt 00:17:44]} a5 {[%clk 00:34:03]} {[%emt 00:03:08]} 20.
O-O {[%clk 00:15:34]} {[%emt 00:11:29]} axb4 {[%clk 00:34:00]} {[%emt
00:00:34]} 21. axb4 {[%clk 00:15:58]} {[%emt 00:00:06]} Qxb4 {[%clk 00:34:18]}
{[%emt 00:00:12]} 22. Rd1 {[%clk 00:16:07]} {[%emt 00:00:21]} Ra8 {[%clk
00:25:19]} {[%emt 00:09:28]} 23. Rb3 {[%clk 00:10:27]} {[%emt 00:06:10]} Qa4
{[%clk 00:24:47]} {[%emt 00:01:01]} 24. Rbb1 {[%clk 00:06:22]} {[%emt
00:04:36]} Rfc8 {[%clk 00:22:55]} {[%emt 00:02:22]} 25. Qg3 {[%clk 00:05:12]}
{[%emt 00:01:40]} Qc2 {[%clk 00:20:45]} {[%emt 00:02:40]} 26. Be3 {[%clk
00:04:30]} {[%emt 00:01:13]} Qg6 {[%clk 00:18:15]} {[%emt 00:03:00]} 27. Qd6
{[%clk 00:04:34]} {[%emt 00:00:26]} Qc2 {[%clk 00:15:42]} {[%emt 00:03:02]} 28.
Rdc1 {[%clk 00:03:51]} {[%emt 00:01:14]} Qa4 {[%clk 00:15:33]} {[%emt
00:00:39]} 29. Qf4 {[%clk 00:02:52]} {[%emt 00:01:28]} Qa7 {[%emt 00:07:03]} 30.
Qg4 {[%emt 00:00:11]} Qc7 1/2-1/2

[Event "XLIV Memoriał Szachowy Ludwika Zamenhofa 2025, Grupa B"]
[Site "Bialystok, Poland"]
[Date "2025.12.31"]
[Round "9.27"]
[White "Lenkov, Stanislav"]
[Black "Wasiluk, Mateusz"]
[Result "0-1"]
[TimeControl "90'+30\""]
[WhiteElo "1769"]
[BlackElo "1890"]

1. e4 {[%clk 01:30:43]} {[%emt 00:00:16]} c5 {[%clk 01:30:51]} {[%emt
00:00:09]} 2. Nf3 {[%clk 01:31:04]} {[%emt 00:00:10]} d6 {[%clk 01:31:15]}
{[%emt 00:00:06]} 3. d4 {[%clk 01:31:27]} {[%emt 00:00:07]} cxd4 {[%clk
01:31:39]} {[%emt 00:00:06]} 4. Nxd4 {[%clk 01:31:52]} {[%emt 00:00:05]} Nf6
{[%clk 01:32:02]} {[%emt 00:00:07]} 5. Nc3 {[%clk 01:32:15]} {[%emt 00:00:06]}
a6 {[%clk 01:32:25]} {[%emt 00:00:08]} 6. h3 {[%clk 01:32:38]} {[%emt
00:00:06]} e5 {[%clk 01:32:49]} {[%emt 00:00:06]} 7. Nb3 {[%clk 01:33:03]}
{[%emt 00:00:05]} Be7 {[%clk 01:33:12]} {[%emt 00:00:08]} 8. g4 {[%clk
01:33:06]} {[%emt 00:00:27]} h6 {[%clk 01:33:34]} {[%emt 00:00:08]} 9. Be3
{[%clk 01:33:31]} {[%emt 00:00:05]} b5 {[%clk 01:33:14]} {[%emt 00:00:50]} 10.
Nd5 {[%clk 01:28:16]} {[%emt 00:05:44]} Nbd7 {[%clk 01:33:21]} {[%emt
00:00:24]} 11. Nxe7 {[%clk 01:27:57]} {[%emt 00:00:49]} Qxe7 {[%clk 01:33:13]}
{[%emt 00:00:37]} 12. f3 {[%clk 01:28:05]} {[%emt 00:00:23]} Nc5 {[%clk
01:28:55]} {[%emt 00:04:48]} 13. Qd2 {[%clk 01:26:14]} {[%emt 00:02:21]} Be6
{[%clk 01:21:03]} {[%emt 00:08:22]} 14. O-O-O {[%clk 00:58:24]} {[%emt
00:28:19]} Nxb3+ {[%clk 01:21:01]} {[%emt 00:00:31]} 15. cxb3 {[%clk 00:56:59]}
{[%emt 00:01:55]} d5 {[%clk 01:20:51]} {[%emt 00:00:40]} 16. exd5 {[%clk
00:57:15]} {[%emt 00:00:14]} Nxd5 {[%clk 01:21:06]} {[%emt 00:00:16]} 17. Kb1
{[%clk 00:55:32]} {[%emt 00:02:13]} O-O {[%clk 01:20:30]} {[%emt 00:01:05]} 18.
f4 {[%clk 00:53:49]} {[%emt 00:02:13]} Rfd8 {[%clk 01:09:40]} {[%emt 00:11:20]}
19. Bd3 {[%clk 00:49:37]} {[%emt 00:04:42]} Nb4 {[%clk 01:06:32]} {[%emt
00:03:38]} 20. Qe2 {[%clk 00:49:25]} {[%emt 00:00:43]} Nxd3 {[%emt 00:06:08]}
21. Rxd3 {[%clk 00:48:15]} Bd5 {[%clk 01:02:14]} {[%emt 00:00:49]} 22. Rxd5
{[%clk 00:38:03]} {[%emt 00:10:42]} Rxd5 {[%clk 01:02:33]} {[%emt 00:00:10]} 23.
f5 {[%clk 00:38:10]} {[%emt 00:00:23]} Rc8 {[%clk 00:54:40]} {[%emt 00:08:24]}
24. g5 {[%clk 00:36:07]} {[%emt 00:02:32]} hxg5 {[%clk 00:41:19]} {[%emt
00:13:52]} 25. Qg4 {[%clk 00:30:52]} {[%emt 00:05:45]} Rcd8 {[%clk 00:33:35]}
{[%emt 00:08:14]} 26. a3 {[%clk 00:24:15]} {[%emt 00:07:07]} Qd7 {[%clk
00:28:49]} {[%emt 00:05:17]} 27. Qxg5 {[%clk 00:21:53]} {[%emt 00:02:52]} f6
{[%clk 00:28:08]} {[%emt 00:01:11]} 28. Qg6 {[%clk 00:20:08]} {[%emt 00:02:15]}
Rd1+ {[%clk 00:28:11]} {[%emt 00:00:27]} 29. Rxd1 {[%clk 00:20:32]} {[%emt
00:00:06]} Qxd1+ {[%clk 00:28:34]} {[%emt 00:00:07]} 30. Ka2 {[%clk 00:20:58]}
{[%emt 00:00:03]} Qd5 {[%clk 00:27:02]} {[%emt 00:02:03]} 31. Bb6 {[%clk
00:17:23]} {[%emt 00:04:06]} Rb8 {[%clk 00:27:21]} {[%emt 00:00:10]} 32. Ba5
{[%clk 00:17:47]} {[%emt 00:00:04]} Rc8 {[%clk 00:24:42]} {[%emt 00:03:11]} 33.
h4 {[%clk 00:17:59]} {[%emt 00:00:16]} Qf7 {[%clk 00:24:07]} {[%emt 00:01:06]}
34. Qg4 {[%clk 00:17:58]} {[%emt 00:00:31]} Rc1 {[%clk 00:20:04]} {[%emt
00:04:33]} 35. Qf3 {[%clk 00:18:01]} {[%emt 00:00:21]} Rc8 {[%clk 00:18:18]}
{[%emt 00:02:21]} 36. h5 {[%clk 00:17:32]} {[%emt 00:01:00]} Kh7 {[%clk
00:18:36]} {[%emt 00:00:12]} 37. Qg4 {[%clk 00:17:19]} {[%emt 00:00:43]} Rc1
{[%clk 00:18:19]} {[%emt 00:00:47]} 38. Qf3 {[%clk 00:17:21]} {[%emt 00:00:28]}
Rg1 {[%clk 00:18:13]} {[%emt 00:00:36]} 39. Bd2 {[%clk 00:16:57]} {[%emt
00:00:54]} Qd7 {[%clk 00:17:39]} {[%emt 00:01:04]} 40. Qf2 {[%clk 00:15:02]}
{[%emt 00:02:23]} Rd1 {[%clk 00:17:26]} {[%emt 00:00:44]} 41. Qg3 {[%clk
00:12:38]} {[%emt 00:02:55]} Qxf5 {[%clk 00:17:29]} {[%emt 00:00:51]} 0-1

[Event "XLIV Memoriał Szachowy Ludwika Zamenhofa 2025, Grupa B"]
[Site "Bialystok, Poland"]
[Date "2025.12.31"]
[Round "9.28"]
[White "Borowik, Monika"]
[Black "Markowski, Adam"]
[Result "1-0"]
[TimeControl "90'+30\""]
[WhiteElo "1732"]
[BlackElo "1868"]

1. d4 {[%clk 01:27:59]} {[%emt 00:03:00]} Nf6 {[%emt 00:00:08]} 2. Nf3 {[%emt
00:00:07]} e6 {[%emt 00:00:06]} 3. c4 {[%emt 00:00:05]} b6 {[%emt 00:00:03]} 4.
e3 {[%emt 00:01:16]} Bb7 {[%emt 00:00:07]} 5. Bd3 {[%emt 00:00:23]} Be7 {[%emt
00:00:08]} 6. Nc3 {[%emt 00:00:14]} d5 {[%emt 00:00:21]} 7. O-O {[%emt
00:00:20]} O-O {[%emt 00:00:04]} 8. b3 {[%emt 00:00:46]} Nbd7 {[%emt 00:00:21]}
9. Bb2 {[%emt 00:00:51]} c5 {[%emt 00:00:28]} 10. Ne5 {[%emt 00:02:57]} dxc4
{[%emt 00:02:52]} 11. bxc4 {[%emt 00:03:32]} Rc8 {[%emt 00:01:31]} 12. Rc1
{[%emt 00:01:55]} Qc7 {[%emt 00:02:56]} 13. Nxd7 {[%emt 00:09:27]} Qxd7 {[%emt
00:00:33]} 14. Qe2 {[%emt 00:07:14]} Rfd8 {[%emt 00:04:13]} 15. Rfd1 {[%emt
00:03:11]} Qc7 {[%emt 00:04:09]} 16. Nb5 {[%emt 00:12:36]} Qb8 {[%emt
00:01:35]} 17. e4 {[%emt 00:13:04]} a6 {[%emt 00:02:53]} 18. e5 {[%emt
00:01:31]} axb5 {[%emt 00:00:29]} 19. exf6 {[%emt 00:00:02]} Bxf6 {[%emt
00:00:14]} 20. dxc5 {[%emt 00:00:37]} Bxb2 {[%emt 00:02:13]} 21. Qxb2 {[%emt
00:00:02]} Rxc5 {[%emt 00:02:18]} 22. cxb5 {[%emt 00:04:48]} Rcd5 {[%emt
00:04:53]} 23. Qc2 {[%emt 00:06:18]} h6 {[%emt 00:02:14]} 24. Be2 {[%emt
00:04:19]} Qa8 {[%emt 00:02:59]} 25. Bf3 {[%emt 00:08:32]} Rxd1+ {[%emt
00:00:44]} 26. Rxd1 {[%emt 00:01:02]} Rxd1+ {[%emt 00:07:31]} 27. Qxd1 {[%emt
00:01:05]} Bxf3 {[%emt 00:00:28]} 28. gxf3 {[%emt 00:00:17]} Qa5 {[%emt
00:03:24]} 29. a4 {[%emt 00:00:26]} Kh7 {[%emt 00:00:29]} 30. Qc2+ {[%emt
00:00:49]} g6 {[%clk 00:52:21]} {[%emt 00:02:44]} 31. Kg2 {[%clk 00:14:33]}
{[%emt 00:00:40]} Kg7 {[%clk 00:50:24]} {[%emt 00:02:27]} 32. Qc4 {[%clk
00:13:05]} {[%emt 00:01:59]} Kf6 {[%clk 00:48:16]} {[%emt 00:02:39]} 33. Qf4+
{[%clk 00:12:06]} {[%emt 00:01:28]} Kg7 {[%clk 00:46:59]} {[%emt 00:01:46]} 34.
Qd4+ {[%clk 00:10:49]} {[%emt 00:01:47]} Kh7 {[%clk 00:46:22]} {[%emt
00:01:08]} 35. h4 {[%clk 00:09:46]} {[%emt 00:01:32]} Qa7 {[%clk 00:45:54]}
{[%emt 00:00:58]} 36. Qe4 {[%clk 00:08:21]} {[%emt 00:01:55]} Kg7 {[%clk
00:45:38]} {[%emt 00:00:45]} 37. Kg3 {[%clk 00:07:51]} {[%emt 00:01:00]} Qc7+
{[%clk 00:45:09]} {[%emt 00:00:59]} 38. Qf4 {[%clk 00:05:47]} {[%emt 00:02:34]}
Qc5 {[%clk 00:42:36]} {[%emt 00:03:03]} 39. Kg2 {[%clk 00:05:40]} {[%emt
00:00:38]} e5 {[%clk 00:40:54]} {[%emt 00:02:12]} 40. Qe4 {[%clk 00:04:46]}
{[%emt 00:01:23]} Kf6 {[%clk 00:39:40]} {[%emt 00:01:44]} 41. Qb7 {[%clk
00:02:41]} {[%emt 00:02:33]} Ke6 {[%clk 00:39:20]} {[%emt 00:00:51]} 42. Qa6
{[%clk 00:02:01]} {[%emt 00:01:10]} Kd5 {[%clk 00:36:54]} {[%emt 00:02:56]} 43.
Qa7 {[%clk 00:01:52]} {[%emt 00:00:40]} Qd6 {[%clk 00:34:12]} {[%emt 00:03:12]}
44. Qxf7+ {[%clk 00:01:56]} {[%emt 00:00:26]} Kc5 {[%clk 00:33:59]} {[%emt
00:00:43]} 45. Qb3 {[%clk 00:01:43]} {[%emt 00:00:42]} Qd4 {[%clk 00:33:36]}
{[%emt 00:00:53]} 46. Qc2+ {[%clk 00:00:35]} {[%emt 00:01:39]} Kb4 {[%clk
00:33:48]} {[%emt 00:00:18]} 47. Qxg6 {[%clk 00:00:42]} {[%emt 00:00:23]} Kxa4
{[%clk 00:34:01]} {[%emt 00:00:17]} 48. Qxh6 {[%clk 00:00:49]} {[%emt
00:00:23]} Kxb5 {[%clk 00:34:25]} {[%emt 00:00:06]} 49. Qg5 {[%clk 00:01:05]}
{[%emt 00:00:14]} Kc4 {[%clk 00:33:47]} {[%emt 00:01:09]} 50. h5 {[%clk
00:01:04]} {[%emt 00:00:31]} b5 {[%clk 00:33:21]} {[%emt 00:00:56]} 51. h6
{[%clk 00:01:24]} {[%emt 00:00:10]} e4 {[%clk 00:33:14]} {[%emt 00:00:37]} 52.
Qg8+ {[%clk 00:01:06]} {[%emt 00:00:48]} Kd3 {[%clk 00:31:52]} {[%emt
00:01:53]} 53. Qb3+ {[%clk 00:00:43]} {[%emt 00:00:53]} Kd2 {[%clk 00:31:05]}
{[%emt 00:01:16]} 54. Qe3+ {[%clk 00:00:46]} {[%emt 00:00:27]} Qxe3 {[%clk
00:31:06]} {[%emt 00:00:30]} 55. fxe3 {[%clk 00:01:14]} {[%emt 00:00:01]} 1-0